[Event "Buenos Aires Ciudad de Nueve op 4th"]
[Site "Buenos Aires"]
[Date "2022.10.08"]
[Round "1"]
[White "Mahia, Gustavo"]
[Black "Farhat, Francisco"]
[Result "1-0"]
[WhiteElo "2340"]
[BlackElo "1774"]
[PlyCount "71"]
[EventDate "2022.10.08"]
[EventType "swiss"]
[EventRounds "7"]
[EventCountry "ARG"]
[SourceTitle "EXT 2024"]
[Source "ChessBase"]
[SourceDate "2023.10.10"]
[SourceVersion "1"]
[SourceVersionDate "2023.10.10"]
[SourceQuality "1"]

1. d4 Nf6 2. c4 g6 3. Nc3 Bg7 4. e4 d6 5. f3 c6 6. Be3 Qc7 7. Qd2 e5 8. Nge2 0-0 9. d5 Na6 10. 0-0-0 Ne8 11. Kb1 c5 12. g4 Rb8 13. h4 Qe7 14. h5 Nac7 15. Ng3 Bd7 16. Qh2 g5 17. h6 Bf6 18. Qd2 Kh8 19. Nf5 Qd8 20. Bd3 a6 21. a4 Rg8 22. Kc2 Bxf5 23. exf5 Be7 24. a5 f6 25. Ra1 Rf8 26. Ne4 Na8 27. b4 b6 28. axb6 Qxb6 29. Rhb1 Qa7 30. bxc5 Rxb1 31. Rxb1 dxc5 32. Qa5 Nd6 33. Bxc5 Nb7 34. Bxa7 Nxa5 35. c5 Rc8 36. Bxa6 1-0

[Event "ARG-ch sf 95th"]
[Site "Buenos Aires"]
[Date "2020.02.29"]
[Round "8"]
[White "Mahia, Gustavo"]
[Black "Dolezal, Cristian"]
[Result "1/2-1/2"]
[WhiteElo "2327"]
[BlackElo "2374"]
[PlyCount "126"]
[EventDate "2020.02.22"]
[EventType "swiss"]
[EventRounds "9"]
[EventCountry "ARG"]
[SourceTitle "CBM 195 Extra"]
[Source "ChessBase"]
[SourceDate "2020.05.31"]
[SourceVersion "1"]
[SourceVersionDate "2020.05.31"]
[SourceQuality "1"]

1. d4 Nf6 2. c4 c5 3. d5 e5 4. Nc3 d6 5. e4 Be7 6. Nf3 0-0 7. Be2 Nbd7 8. 0-0 Ne8 9. Ne1 b6 10. Nd3 Rb8 11. b4 Rb7 12. a4 Bg5 13. a5 Bxc1 14. Qxc1 Ndf6 15. axb6 axb6 16. Qe3 Qe7 17. Rfb1 Ra7 18. Nb5 Ra6 19. Bf3 Nc7 20. Na7 Rxa1 21. Rxa1 Bb7 22. b5 Ra8 23. Qc1 Qd8 24. h4 Qb8 25. Nc6 Rxa1 26. Qxa1 Qa8 27. Qxa8+ Nxa8 28. g4 h6 29. g5 hxg5 30. hxg5 Bxc6 31. bxc6 Nh7 32. g6 Ng5 33. Bg2 Kf8 34. f4 exf4 35. Nxf4 Ke7 36. Kf2 Nc7 37. Ke3 Kf6 38. gxf7 Kxf7 39. Bh3 Kf6 40. Bg4 b5 41. Nh5+ Ke5 42. cxb5 Nxe4 43. Nxg7 Nc3 44. Kd3 N3xd5 45. Bf3 Nb6 46. Bh5 d5 47. Ne8 c4+ 48. Kc3 Nxb5+ 49. Kb4 Nd6 50. c7 Nxe8 51. Bxe8 Kd6 52. Bf7 Nc8 53. Bg8 Na7 54. Bf7 Nc6+ 55. Kc3 Ne7 56. Kd4 Nc6+ 57. Kc3 Na7 58. Kb4 Nc8 59. Bg8 Ke5 60. Bf7 Kd6 61. Bg8 Ne7 62. Bf7 Kxc7 63. Bxd5 Nxd5+ 1/2-1/2

[Event "ARG-ch sf 95th"]
[Site "Buenos Aires"]
[Date "2020.02.24"]
[Round "3"]
[White "Paveto, Kevin"]
[Black "Mahia, Gustavo"]
[Result "1/2-1/2"]
[WhiteElo "2452"]
[BlackElo "2327"]
[PlyCount "129"]
[EventDate "2020.02.22"]
[EventType "swiss"]
[EventRounds "9"]
[EventCountry "ARG"]
[SourceTitle "CBM 195 Extra"]
[Source "ChessBase"]
[SourceDate "2020.05.31"]
[SourceVersion "1"]
[SourceVersionDate "2020.05.31"]
[SourceQuality "1"]

1. e4 c6 2. d4 d5 3. e5 Bf5 4. Nf3 e6 5. Be2 Ne7 6. 0-0 c5 7. Na3 Nbc6 8. dxc5 Ng6 9. Nd4 Bxc5 10. Nxf5 exf5 11. Bf3 Ngxe5 12. Bxd5 0-0 13. Nc4 Nxc4 14. Bxc4 Qh4 15. Qd5 Bb6 16. Bd3 g6 17. Qc4 Qf6 18. Bd2 Qxb2 19. Bc3 Qa3 20. Rab1 Rac8 21. Rb3 Qd6 22. Qh4 Ne5 23. Bb2 Rfe8 24. Bb5 Re6 25. Qh6 f6 26. Rh3 Qe7 27. Bxe5 Rxe5 28. Ba4 Qg7 29. Qd2 Rd8 30. Rd3 Rxd3 31. Qxd3 Qe7 32. g3 Kg7 33. Bb3 Re2 34. Qc3 Qe4 35. a4 a5 36. Qd3 Rxf2 37. Rxf2 Qe1+ 38. Qf1 Bxf2+ 39. Kg2 Qxf1+ 40. Kxf1 Bd4 41. Kg2 Kf8 42. Kf3 b6 43. h4 h5 44. Bc4 Bc3 45. Bb3 Be1 46. Bc4 Ke7 47. Bg8 Bb4 48. Ke2 Bd6 49. Kf3 g5 50. Bh7 g4+ 51. Kf2 Ke6 52. Bg6 f4 53. gxf4 Bxf4 54. Bxh5 f5 55. Be8 Bd2 56. Ke2 Bc1 57. h5 f4 58. h6 f3+ 59. Kf2 Bxh6 60. Kg3 Ke5 61. Kxg4 f2 62. Bb5 Ke4 63. Kg3 Ke3 64. Kg2 Bg7 65. Kf1 1/2-1/2

[Event "ARG-ch sf 95th"]
[Site "Buenos Aires"]
[Date "2020.02.23"]
[Round "2"]
[White "Mahia, Gustavo"]
[Black "Axarlian, Carlos"]
[Result "1-0"]
[WhiteElo "2327"]
[BlackElo "2092"]
[PlyCount "47"]
[EventDate "2020.02.22"]
[EventType "swiss"]
[EventRounds "9"]
[EventCountry "ARG"]
[SourceTitle "CBM 195 Extra"]
[Source "ChessBase"]
[SourceDate "2020.05.31"]
[SourceVersion "1"]
[SourceVersionDate "2020.05.31"]
[SourceQuality "1"]

1. e4 c5 2. Nc3 d6 3. f4 Nc6 4. Nf3 Bg4 5. Bb5 e6 6. h3 Bxf3 7. Bxc6+ bxc6 8. Qxf3 Qb6 9. 0-0 c4+ 10. Kh1 Ne7 11. f5 exf5 12. exf5 0-0-0 13. b3 g6 14. Bb2 Rg8 15. fxg6 Nxg6 16. Qxf7 Bh6 17. Qxh7 Bxd2 18. Rad1 Qe3 19. Rf3 Qh6 20. Qxa7 Rg7 21. Qa6+ Kc7 22. Nd5+ cxd5 23. Bxg7 Qg5 24. Bf6 1-0

[Event "Florianopolis op 3rd"]
[Site "Florianopolis"]
[Date "2017.01.26"]
[Round "10"]
[White "Mahia, Gustavo"]
[Black "Albuquerque, Wellington S Jr"]
[Result "1-0"]
[WhiteElo "2360"]
[BlackElo "2164"]
[PlyCount "55"]
[EventDate "2017.01.20"]
[EventType "swiss"]
[EventRounds "10"]
[EventCountry "BRA"]
[SourceTitle "CBM 176 Extra"]
[Source "ChessBase"]
[SourceDate "2017.03.02"]
[SourceVersion "1"]
[SourceVersionDate "2017.03.02"]
[SourceQuality "1"]

1. e4 d6 2. d4 Nf6 3. Nc3 e5 4. Nf3 exd4 5. Nxd4 Be7 6. g3 Bg4 7. f3 Bd7 8. Bg2 0-0 9. 0-0 Nc6 10. Nde2 Re8 11. h3 Rb8 12. g4 Bc8 13. Ng3 Ne5 14. f4 Nc4 15. b3 Nb6 16. a4 a5 17. Bb2 Nfd7 18. g5 Nc5 19. Nh5 Bf8 20. Qd4 Ne6 21. Qd2 Bd7 22. Nd5 Nxd5 23. exd5 Nc5 24. Qd4 Qe7 25. Nxg7 Qe3+ 26. Qxe3 Rxe3 27. Nh5 f5 28. Bd4 1-0

[Event "Florianopolis op 3rd"]
[Site "Florianopolis"]
[Date "2017.01.25"]
[Round "8"]
[White "Mahia, Gustavo"]
[Black "Delgado Ramirez, Neuris"]
[Result "1/2-1/2"]
[WhiteElo "2360"]
[BlackElo "2615"]
[PlyCount "71"]
[EventDate "2017.01.20"]
[EventType "swiss"]
[EventRounds "10"]
[EventCountry "BRA"]
[SourceTitle "CBM 176 Extra"]
[Source "ChessBase"]
[SourceDate "2017.03.02"]
[SourceVersion "1"]
[SourceVersionDate "2017.03.02"]
[SourceQuality "1"]

1. e4 c5 2. Nf3 d6 3. d4 cxd4 4. Nxd4 Nf6 5. Nc3 a6 6. Be3 e5 7. Nb3 Be6 8. f3 Be7 9. Qd2 0-0 10. 0-0-0 a5 11. a4 Nc6 12. g4 Nb4 13. Qf2 Qc8 14. g5 Ne8 15. Kb1 Nc7 16. Bb6 d5 17. Bxc7 Qxc7 18. Nxd5 Bxd5 19. exd5 Rad8 20. h4 Nxd5 21. Bb5 Nf4 22. Rxd8 Rxd8 23. Qa7 Rc8 24. c3 b6 25. Qxc7 Rxc7 26. Nd2 f6 27. gxf6 gxf6 28. Ne4 Kf7 29. Rg1 h6 30. Ng3 Bc5 31. Rd1 Bf2 32. Ne4 Bxh4 33. Rh1 Ng6 34. Nd6+ Ke6 35. Nc4 Bf2 36. Rxh6 1/2-1/2

[Event "Florianopolis op 2nd"]
[Site "Florianopolis"]
[Date "2016.01.22"]
[Round "10"]
[White "Martins, Carlos"]
[Black "Mahia, Gustavo"]
[Result "1/2-1/2"]
[WhiteElo "2259"]
[BlackElo "2362"]
[PlyCount "85"]
[EventDate "2016.01.16"]
[EventType "swiss"]
[EventRounds "10"]
[EventCountry "BRA"]
[SourceTitle "CBM 170 Extra"]
[Source "ChessBase"]
[SourceDate "2016.02.25"]
[SourceVersion "1"]
[SourceVersionDate "2016.02.25"]
[SourceQuality "1"]

1. f4 d5 2. Nf3 Nf6 3. g3 g6 4. Bg2 Bg7 5. 0-0 0-0 6. d3 c6 7. e3 Nbd7 8. Nc3 Qc7 9. e4 dxe4 10. dxe4 e5 11. f5 b5 12. a3 a5 13. Nh4 Ba6 14. b4 c5 15. Nd5 Nxd5 16. exd5 cxb4 17. axb4 axb4 18. Rb1 Rac8 19. Rf2 Qd6 20. Bd2 Rc4 21. Qe1 Rxc2 22. Kh1 Rfc8 23. Bxb4 Qb6 24. Rxc2 Rxc2 25. fxg6 hxg6 26. Bd2 Nf6 27. Ba5 Qb8 28. Qd1 Rc4 29. Qb3 Qc8 30. Bd2 e4 31. d6 Qe6 32. Bf1 Qxd6 33. Bxc4 bxc4 34. Qb8+ Qxb8 35. Rxb8+ Kh7 36. Rb6 Bc8 37. Ng2 Ng4 38. Rc6 e3 39. Be1 Nf2+ 40. Kg1 Nh3+ 41. Kh1 Nf2+ 42. Kg1 Nh3+ 43. Kh1 1/2-1/2

[Event "ARG-ch sf 90th"]
[Site "Buenos Aires"]
[Date "2015.08.26"]
[Round "9"]
[White "Mahia, Gustavo"]
[Black "Slipak, Sergio"]
[Result "1/2-1/2"]
[WhiteElo "2356"]
[BlackElo "2427"]
[PlyCount "109"]
[EventDate "2015.08.20"]
[EventType "swiss"]
[EventRounds "9"]
[EventCountry "ARG"]
[SourceTitle "EXT 2016"]
[Source "ChessBase"]
[SourceDate "2015.10.08"]
[SourceVersion "1"]
[SourceVersionDate "2015.10.08"]
[SourceQuality "1"]

1. e4 e5 2. Nf3 Nf6 3. d4 Nxe4 4. Bd3 d5 5. Nxe5 Be6 6. 0-0 Nd7 7. f4 Nxe5 8. fxe5 Qd7 9. Nc3 Nxc3 10. bxc3 c5 11. dxc5 Bxc5+ 12. Kh1 0-0-0 13. Rb1 Kb8 14. Qf3 Ka8 15. Qg3 h5 16. h3 h4 17. Qf3 g5 18. Bf5 Rhg8 19. Qg4 Rc8 20. Bd2 Bb6 21. Bxe6 fxe6 22. Rf6 Qh7 23. Qxe6 Qxc2 24. Rbf1 Rgd8 25. Bxg5 Qxc3 26. R6f3 Qc5 27. Bxd8 Rxd8 28. Qf6 a6 29. e6 Re8 30. Qf7 Re7 31. Qg8+ Ka7 32. Rf8 Bc7 33. Rb1 b5 34. Ra8+ Kb6 35. Qc8 Qa3 36. Qf8 Qg3 37. Kg1 Qh2+ 38. Kf2 Rxe6 39. Rxa6+ Kxa6 40. Qa8+ Kb6 41. Rxb5+ Kxb5 42. Qxd5+ Ka6 43. Qxe6+ Bb6+ 44. Ke2 Qxg2+ 45. Kd3 Qf3+ 46. Kc2 Qf2+ 47. Kb3 Qg3+ 48. Kc2 Kb5 49. a4+ Kxa4 50. Qxb6 Qg2+ 51. Kd1 Qxh3 52. Qd4+ Kb3 53. Ke2 Qg2+ 54. Qf2 Qxf2+ 55. Kxf2 1/2-1/2

[Event "ARG-ch sf 90th"]
[Site "Buenos Aires"]
[Date "2015.08.22"]
[Round "3"]
[White "Mahia, Gustavo"]
[Black "Godoy, Luciano"]
[Result "1-0"]
[WhiteElo "2356"]
[BlackElo "2125"]
[PlyCount "75"]
[EventDate "2015.08.20"]
[EventType "swiss"]
[EventRounds "9"]
[EventCountry "ARG"]
[SourceTitle "EXT 2016"]
[Source "ChessBase"]
[SourceDate "2015.10.08"]
[SourceVersion "1"]
[SourceVersionDate "2015.10.08"]
[SourceQuality "1"]

1. e4 e6 2. d4 d5 3. Nc3 Bb4 4. e5 c5 5. a3 Bxc3+ 6. bxc3 Qa5 7. Bd2 Qa4 8. Rb1 c4 9. Qc1 Nc6 10. Nh3 Nge7 11. Be2 b6 12. Nf4 Bb7 13. Nh5 Rg8 14. 0-0 0-0-0 15. Bg4 Kb8 16. Bh3 Bc8 17. Re1 Ka8 18. g3 Rdf8 19. Bg5 h6 20. Be3 Nf5 21. Bd2 Qa5 22. Qd1 Qxa3 23. Ra1 Qb2 24. Rb1 Qa2 25. Qc1 Qa6 26. Ra1 Qb7 27. Qb2 Kb8 28. Reb1 Bd7 29. Bc1 f6 30. exf6 g6 31. Bf4+ Kc8 32. Ng7 Nxg7 33. fxg7 Rxf4 34. gxf4 e5 35. Qa3 Bxh3 36. Qf8+ Nd8 37. Qxg8 Qd7 38. f3 1-0

[Event "Buenos Aires La Porta Cup"]
[Site "Buenos Aires"]
[Date "2014.12.16"]
[Round "4"]
[White "Obregon, Carlos Andres"]
[Black "Mahia, Gustavo"]
[Result "1-0"]
[WhiteElo "2500"]
[BlackElo "2375"]
[PlyCount "67"]
[EventDate "2014.12.13"]
[EventType "swiss"]
[EventRounds "9"]
[EventCountry "ARG"]
[SourceTitle "EXT 2016"]
[Source "ChessBase"]
[SourceDate "2015.10.08"]
[SourceVersion "1"]
[SourceVersionDate "2015.10.08"]
[SourceQuality "1"]

1. e4 e6 2. d4 d5 3. Nc3 Bb4 4. e5 c5 5. a3 Bxc3+ 6. bxc3 Qc7 7. Qg4 f5 8. Qg3 cxd4 9. cxd4 Ne7 10. c3 0-0 11. Ne2 b6 12. a4 Ng6 13. h4 f4 14. Qh3 h5 15. Ng1 f3 16. Bd2 fxg2 17. Qxg2 Nf4 18. Qg3 Ba6 19. Nh3 Nxh3 20. Bxh3 Qc4 21. Bxe6+ Kh8 22. Qe3 Rf4 23. f3 Nc6 24. Bxd5 Qxd5 25. Qxf4 Re8 26. Kf2 Kg8 27. Rhg1 Re7 28. Qe4 Qc4 29. Rg5 Na5 30. Rxh5 Nb3 31. Rg1 Nxd2 32. Qh7+ Kf8 33. Qh8+ Qg8 34. Rf5+ 1-0

[Event "Buenos Aires La Porta Cup"]
[Site "Buenos Aires"]
[Date "2014.12.15"]
[Round "3"]
[White "Mahia, Gustavo"]
[Black "Tomas Falcon, Jesus"]
[Result "1-0"]
[WhiteElo "2375"]
[BlackElo "2112"]
[PlyCount "61"]
[EventDate "2014.12.13"]
[EventType "swiss"]
[EventRounds "9"]
[EventCountry "ARG"]
[SourceTitle "EXT 2016"]
[Source "ChessBase"]
[SourceDate "2015.10.08"]
[SourceVersion "1"]
[SourceVersionDate "2015.10.08"]
[SourceQuality "1"]

1. d4 Nf6 2. Nf3 c5 3. d5 e6 4. c4 exd5 5. cxd5 d6 6. Nc3 g6 7. g3 Bg7 8. Bg2 0-0 9. 0-0 a6 10. a4 Re8 11. h3 Nbd7 12. Nd2 Rb8 13. Nc4 Ne5 14. Na3 Nh5 15. Kh2 f5 16. f4 b5 17. axb5 axb5 18. Naxb5 Rb6 19. fxe5 Bxe5 20. Bf4 Bxf4 21. gxf4 Ba6 22. Rxa6 Rxa6 23. Qd2 Qh4 24. Nc7 Qg3+ 25. Kg1 Ra1 26. Rxa1 Nxf4 27. e4 Nxh3+ 28. Kf1 Rf8 29. Ne6 Rb8 30. exf5 Qh2 31. Qe3 1-0

[Event "Villa Martelli op-A 21st"]
[Site "Villa Martelli"]
[Date "2014.11.11"]
[Round "5"]
[White "Mahia, Gustavo"]
[Black "Pichot, Alan"]
[Result "0-1"]
[WhiteElo "2375"]
[BlackElo "2464"]
[PlyCount "58"]
[EventDate "2014.11.07"]
[EventType "swiss"]
[EventRounds "9"]
[EventCountry "ARG"]
[SourceTitle "CBM 163 Extra"]
[Source "ChessBase"]
[SourceDate "2014.12.23"]
[SourceVersion "1"]
[SourceVersionDate "2014.12.23"]
[SourceQuality "1"]

1. d4 Nf6 2. c4 g6 3. Nc3 Bg7 4. e4 d6 5. Nf3 0-0 6. Be2 Na6 7. 0-0 e5 8. Be3 Ng4 9. Bg5 Qe8 10. Re1 exd4 11. Nd5 f6 12. Bh4 c6 13. Nxd4 cxd5 14. Bxg4 dxe4 15. Bxc8 Rxc8 16. Nb5 Qe6 17. Qxd6 Qxc4 18. Nxa7 Rcd8 19. Qb6 g5 20. Bg3 f5 21. Rac1 Qxa2 22. Qxb7 f4 23. Ra1 fxg3 24. Rxa2 gxf2+ 25. Kf1 fxe1Q+ 26. Kxe1 Nc5 27. Qb5 Nd3+ 28. Kd2 Rf2+ 29. Ke3 Bd4+ 0-1

[Event "ARG-ch 89th"]
[Site "Saenz Pena"]
[Date "2014.07.19"]
[Round "13"]
[White "Mahia, Gustavo"]
[Black "Manzone, Alessandro Jr"]
[Result "1/2-1/2"]
[WhiteElo "2366"]
[BlackElo "2317"]
[PlyCount "100"]
[EventDate "2014.07.09"]
[EventType "tourn"]
[EventRounds "13"]
[EventCountry "ARG"]
[EventCategory "9"]
[SourceTitle "CBM 161 Extra"]
[Source "ChessBase"]
[SourceDate "2014.08.29"]
[SourceVersion "1"]
[SourceVersionDate "2014.08.29"]
[SourceQuality "1"]

1. e4 c5 2. Nf3 e6 3. d4 cxd4 4. Nxd4 a6 5. Nc3 Qc7 6. Bd3 Nf6 7. 0-0 Nc6 8. Be3 Nxd4 9. Bxd4 Bc5 10. Bxc5 Qxc5 11. Kh1 d6 12. f4 e5 13. Qf3 0-0 14. Rae1 exf4 15. Qxf4 Qe5 16. Nd5 Qxf4 17. Rxf4 Nd7 18. Ne7+ Kh8 19. Nf5 Ne5 20. Nxd6 Be6 21. Nxb7 Rfb8 22. Nc5 Rxb2 23. a4 a5 24. h3 Kg8 25. Nxe6 fxe6 26. Bb5 Rxc2 27. Rd1 Rf8 28. Rxf8+ Kxf8 29. Rd8+ Ke7 30. Ra8 Nc4 31. e5 Nxe5 32. Rxa5 h5 33. Ra8 g5 34. a5 h4 35. Kg1 g4 36. Kf1 Ra2 37. a6 Kd6 38. hxg4 Nxg4 39. Rg8 Ne3+ 40. Kg1 Nd5 41. Kh2 Nc7 42. Rd8+ Kc5 43. Bd3 Nxa6 44. Ra8 Nb4 45. Rxa2 Nxa2 46. Kh3 Kd5 47. Bh7 Ke5 48. Kxh4 Kf6 49. Bg8 Nc3 50. g4 Ne4 1/2-1/2

[Event "ARG-ch 89th"]
[Site "Saenz Pena"]
[Date "2014.07.18"]
[Round "12"]
[White "Alonso, Salvador"]
[Black "Mahia, Gustavo"]
[Result "1/2-1/2"]
[WhiteElo "2508"]
[BlackElo "2366"]
[PlyCount "23"]
[EventDate "2014.07.09"]
[EventType "tourn"]
[EventRounds "13"]
[EventCountry "ARG"]
[EventCategory "9"]
[SourceTitle "CBM 161 Extra"]
[Source "ChessBase"]
[SourceDate "2014.08.29"]
[SourceVersion "1"]
[SourceVersionDate "2014.08.29"]
[SourceQuality "1"]

1. e4 e5 2. Nf3 Nf6 3. Nxe5 d6 4. Nf3 Nxe4 5. d4 d5 6. Bd3 Nc6 7. 0-0 Be7 8. Nc3 Bf5 9. Re1 Nxc3 10. bxc3 Bxd3 11. Qxd3 0-0 12. Bf4 1/2-1/2

[Event "ARG-ch 89th"]
[Site "Saenz Pena"]
[Date "2014.07.17"]
[Round "11"]
[White "Villanueva, Mario Nicolas"]
[Black "Mahia, Gustavo"]
[Result "1-0"]
[WhiteElo "2413"]
[BlackElo "2366"]
[PlyCount "99"]
[EventDate "2014.07.09"]
[EventType "tourn"]
[EventRounds "13"]
[EventCountry "ARG"]
[EventCategory "9"]
[SourceTitle "CBM 161 Extra"]
[Source "ChessBase"]
[SourceDate "2014.08.29"]
[SourceVersion "1"]
[SourceVersionDate "2014.08.29"]
[SourceQuality "1"]

1. e4 e5 2. Nf3 Nc6 3. Bb5 Nf6 4. 0-0 Nxe4 5. d4 Nd6 6. Bxc6 dxc6 7. dxe5 Nf5 8. Qxd8+ Kxd8 9. Rd1+ Ke8 10. Nc3 Ne7 11. Nd4 Ng6 12. Ne4 Be7 13. Re1 c5 14. Nb5 Kd7 15. Bg5 Kc6 16. Bxe7 Nxe7 17. Nbc3 h6 18. f4 Bf5 19. Rad1 Rad8 20. Rxd8 Rxd8 21. Kf2 Rd4 22. Kf3 h5 23. h3 h4 24. Ng5 Bxc2 25. Nxf7 Bg6 26. e6 Bh5+ 27. Kf2 Rxf4+ 28. Ke3 Rd4 29. Rf1 a6 30. Rf4 Rxf4 31. Kxf4 Bg6 32. Ke5 b5 33. Nd8+ Kb6 34. Nd5+ Nxd5 35. Kxd5 c4 36. e7 a5 37. Ne6 Bf7 38. Ke4 b4 39. Ke3 a4 40. Kd2 g6 41. Ng7 Kc6 42. e8Q+ Bxe8 43. Nxe8 Kd7 44. Nf6+ Ke6 45. Ng4 Kd5 46. Ne3+ Kc5 47. Nf1 Kb5 48. Nh2 c5 49. Nf3 a3 50. bxa3 1-0

[Event "ARG-ch 89th"]
[Site "Saenz Pena"]
[Date "2014.07.12"]
[Round "5"]
[White "Slipak, Sergio"]
[Black "Mahia, Gustavo"]
[Result "1/2-1/2"]
[WhiteElo "2452"]
[BlackElo "2366"]
[PlyCount "62"]
[EventDate "2014.07.09"]
[EventType "tourn"]
[EventRounds "13"]
[EventCountry "ARG"]
[EventCategory "9"]
[SourceTitle "CBM 161 Extra"]
[Source "ChessBase"]
[SourceDate "2014.08.29"]
[SourceVersion "1"]
[SourceVersionDate "2014.08.29"]
[SourceQuality "1"]

1. d4 Nf6 2. Nf3 g6 3. g3 Bg7 4. Bg2 d5 5. c4 dxc4 6. 0-0 0-0 7. Na3 Nc6 8. Nxc4 Be6 9. b3 Bd5 10. Bb2 a5 11. Rc1 a4 12. bxa4 Ra6 13. Nfe5 Bxg2 14. Kxg2 Qa8 15. Nxc6 bxc6 16. a5 c5+ 17. Kg1 Rd8 18. d5 Nxd5 19. Qc2 Nb4 20. Qb3 Bxb2 21. Qxb2 Nc6 22. Rfd1 Rxd1+ 23. Rxd1 Nxa5 24. Ne5 Nc6 25. Nxc6 Rxc6 26. Qe5 Rd6 27. Rb1 Rb6 28. Rd1 Re6 29. Qxc7 Qxa2 30. e3 Rf6 31. Rf1 Qe6 1/2-1/2

[Event "ARG-ch 89th"]
[Site "Saenz Pena"]
[Date "2014.07.11"]
[Round "3"]
[White "Real de Azua, Ernesto"]
[Black "Mahia, Gustavo"]
[Result "1/2-1/2"]
[WhiteElo "2443"]
[BlackElo "2366"]
[PlyCount "57"]
[EventDate "2014.07.09"]
[EventType "tourn"]
[EventRounds "13"]
[EventCountry "ARG"]
[EventCategory "9"]
[SourceTitle "CBM 161 Extra"]
[Source "ChessBase"]
[SourceDate "2014.08.29"]
[SourceVersion "1"]
[SourceVersionDate "2014.08.29"]
[SourceQuality "1"]

1. Nf3 c5 2. c4 Nc6 3. Nc3 g6 4. e3 d6 5. d4 Bg4 6. Be2 Bg7 7. 0-0 Nf6 8. h3 Bf5 9. d5 Na5 10. Nd2 e5 11. b3 0-0 12. Bb2 a6 13. e4 Bd7 14. Qc2 Rb8 15. Rae1 Bh6 16. Bc1 b5 17. Ndb1 Bxc1 18. Rxc1 bxc4 19. bxc4 Rb4 20. Nd2 Qb6 21. Rb1 Rb8 22. Rfc1 Kg7 23. Qd3 Qd8 24. Qc2 Ng8 25. a3 R4b6 26. Rxb6 Rxb6 27. Rb1 Qb8 28. Rxb6 Qxb6 29. Nd1 1/2-1/2

[Event "ARG-ch 89th"]
[Site "Saenz Pena"]
[Date "2014.07.09"]
[Round "1"]
[White "Iermito, Sebastian"]
[Black "Mahia, Gustavo"]
[Result "0-1"]
[WhiteElo "2475"]
[BlackElo "2366"]
[PlyCount "110"]
[EventDate "2014.07.09"]
[EventType "tourn"]
[EventRounds "13"]
[EventCountry "ARG"]
[EventCategory "9"]
[SourceTitle "CBM 161 Extra"]
[Source "ChessBase"]
[SourceDate "2014.08.29"]
[SourceVersion "1"]
[SourceVersionDate "2014.08.29"]
[SourceQuality "1"]

1. e4 e5 2. Nf3 Nc6 3. Bb5 a6 4. Ba4 Nf6 5. d3 d6 6. c3 g6 7. 0-0 Bg7 8. Re1 0-0 9. Nbd2 Bd7 10. Nf1 h6 11. Ng3 Re8 12. d4 exd4 13. cxd4 b5 14. Bc2 Bg4 15. Be3 Nd7 16. Rc1 Bxf3 17. gxf3 Nb4 18. Bb3 c5 19. a3 Nc6 20. dxc5 dxc5 21. Bxc5 Nxc5 22. Rxc5 Nd4 23. Rd5 Qf6 24. Re3 Nxb3 25. Rxb3 Rac8 26. Qd2 h5 27. Rd6 Re6 28. Rxe6 Qxe6 29. Rd3 Qa2 30. Kg2 Qxb2 31. Rd8+ Rxd8 32. Qxd8+ Bf8 33. Qg5 Bg7 34. Qd8+ Kh7 35. Qc7 h4 36. Nf1 Qf6 37. f4 Qc3 38. Qd7 h3+ 39. Kg1 Qxa3 40. f5 Qf3 41. fxg6+ fxg6 42. Ne3 b4 43. Qe6 a5 44. e5 a4 45. Qc4 b3 46. Qxa4 b2 47. Qb4 Bxe5 48. Qh4+ Qh5 49. Qe4 Qg5+ 50. Kf1 Bd4 51. Qb7+ Kh6 52. Qb8 Qc5 53. Qf4+ Kg7 54. Qe4 Bxe3 55. fxe3 Qf5+ 0-1

[Event "Mar del Plata Duchamp op 45th"]
[Site "Mar del Plata"]
[Date "2014.04.15"]
[Round "5"]
[White "Mahia, Gustavo"]
[Black "Garcia Palermo, Carlos H"]
[Result "1-0"]
[WhiteElo "2348"]
[BlackElo "2455"]
[PlyCount "173"]
[EventDate "2014.04.12"]
[EventType "swiss"]
[EventRounds "9"]
[EventCountry "ARG"]
[SourceTitle "CBM 159 Extra"]
[Source "ChessBase"]
[SourceDate "2014.04.24"]
[SourceVersion "1"]
[SourceVersionDate "2014.04.24"]
[SourceQuality "1"]

1. e4 e5 2. Nf3 Nc6 3. Bb5 a6 4. Ba4 Nf6 5. 0-0 Be7 6. Re1 b5 7. Bb3 d6 8. c3 0-0 9. h3 Na5 10. Bc2 c5 11. d4 Nd7 12. Nbd2 exd4 13. cxd4 Nc6 14. d5 Nce5 15. Nxe5 Nxe5 16. f4 Ng6 17. Nf3 Bh4 18. Nxh4 Qxh4 19. f5 Ne5 20. Rf1 Qf6 21. a4 Bd7 22. Ra3 Rfb8 23. Rg3 h6 24. Qh5 Kf8 25. h4 bxa4 26. Rh3 Nc4 27. Kh1 Rxb2 28. Bd3 Nd2 29. Rd1 c4 30. Bxd2 cxd3 31. Rxd3 Rb3 32. Bg5 Rxd3 33. Bxf6 Rxd1+ 34. Qxd1 gxf6 35. Qc1 Kg7 36. Qc7 Bb5 37. Qxd6 Re8 38. Qg3+ Kh7 39. Qc3 Kg7 40. Qg3+ Kh7 41. Qc7 Kg7 42. d6 Rxe4 43. d7 Rxh4+ 44. Kg1 Bxd7 45. Qg3+ Kh7 46. Qxh4 Bxf5 47. Qxf6 Be6 48. Kf2 a3 49. Kg3 a2 50. Kh4 Kg8 51. Kh5 Kf8 52. Kxh6 Ke8 53. Qd4 Ke7 54. Kg7 a5 55. g3 Bb3 56. Qe5+ Kd7 57. Qxa5 Ke6 58. Qc3 Kf5 59. Qf3+ Ke5 60. Qe3+ Kd6 61. Qd4+ Kc6 62. Kf6 Kb5 63. Ke5 Bc4 64. Qb2+ Kc5 65. g4 Bb3 66. Qc3+ Bc4 67. g5 Kb6 68. Kd6 Kb5 69. Qb2+ Ka4 70. Kc5 Bb3 71. Kc6 Kb4 72. Kd6 Kc4 73. Ke5 Kc5 74. Qc3+ Bc4 75. Qa3+ Kc6 76. Kd4 Be6 77. Qa6+ Kd7 78. Kc5 Ke7 79. Qd6+ Ke8 80. Qe5 Kd7 81. Qg7 Ke7 82. Kc6 Bf5 83. Qf6+ Kf8 84. Kd6 Kg8 85. Ke7 Bg6 86. Qb2 Bb1 87. Kf6 1-0

[Event "Mar del Plata Duchamp op 45th"]
[Site "Mar del Plata"]
[Date "2014.04.14"]
[Round "4"]
[White "Santiago, Yago de Moura"]
[Black "Mahia, Gustavo"]
[Result "1/2-1/2"]
[WhiteElo "2464"]
[BlackElo "2348"]
[PlyCount "127"]
[EventDate "2014.04.12"]
[EventType "swiss"]
[EventRounds "9"]
[EventCountry "ARG"]
[SourceTitle "CBM 159 Extra"]
[Source "ChessBase"]
[SourceDate "2014.04.24"]
[SourceVersion "1"]
[SourceVersionDate "2014.04.24"]
[SourceQuality "1"]

1. d4 Nf6 2. c4 e6 3. Nc3 Bb4 4. e3 c5 5. Nge2 b6 6. a3 Ba5 7. Rb1 Bxc3+ 8. Nxc3 cxd4 9. exd4 Bb7 10. d5 0-0 11. Be2 exd5 12. cxd5 d6 13. Bg5 h6 14. Bh4 Nbd7 15. 0-0 Re8 16. f4 Rc8 17. Kh1 a6 18. Bf3 Rc4 19. Be2 Rc7 20. Bd3 Qa8 21. Rf3 Nxd5 22. Rg3 Nxf4 23. Qg4 Bxg2+ 24. Rxg2 Qxg2+ 25. Qxg2 Nxg2 26. Kxg2 b5 27. Rd1 Ne5 28. Bf1 Nc4 29. Bxc4 Rxc4 30. Bf2 Re6 31. Rd2 b4 32. axb4 Rxb4 33. Bd4 f5 34. Nd5 Rc4 35. Kf3 Kf7 36. Ne3 Rc1 37. Nxf5 g5 38. Ne3 Kg6 39. Bc3 h5 40. Rd5 Rh1 41. Kg2 Rc1 42. Kf2 Ra1 43. Ng2 Ra4 44. Bd4 Rb4 45. Bc3 Rb5 46. Rd3 Rf5+ 47. Kg1 d5 48. Rg3 Re4 49. Ne3 d4 50. Nxf5 dxc3 51. Nh4+ Rxh4 52. Rxc3 Rb4 53. Rc6+ Kf5 54. Rxa6 Rxb2 55. Ra5+ Kg4 56. Ra4+ Kh3 57. Ra3+ Kh4 58. h3 Rb1+ 59. Kg2 Rb2+ 60. Kg1 g4 61. hxg4 hxg4 62. Rc3 Ra2 63. Rb3 Rc2 64. Ra3 1/2-1/2